| 000 | 00676nam a2200229 a 4500 | ||
|---|---|---|---|
| 005 | 20240228063646.0 | ||
| 008 | 130917s2006 es r 000 0 spa d | ||
| 020 | _a9788423686292 | ||
| 035 | _aUPN01000192947 | ||
| 049 | _aI | ||
| 050 | 4 |
_aPQ6657 I8.2 _bH5.7 2006 |
|
| 100 | 1 |
_aGisbert, Joan Manuel, _d1949- _932067 |
|
| 245 | 1 | 0 |
_aHistorias secretas del espacio / _cJoan Manuel Gisbert. |
| 250 | _a8a ed. | ||
| 260 |
_aBarcelona, Esp. : _bEdebé, _c2006. |
||
| 300 |
_a150 p. : _bil. |
||
| 440 | 0 | _aTucán 10+ | |
| 650 | 4 |
_aLiteratura infantil española _95892 |
|
| 650 | 4 |
_aESPACIO EXTERIOR - _vLITERATURA INFANTIL _922175 |
|
| 905 | _aInfantil | ||
| 999 |
_c165048 _d165048 |
||